Statistics for British Birds by Picture

Click here to take the quiz!

General Stats

  • This quiz has been taken 790 times
  • The average score is 18 of 28

Answer Stats

Answer% Correct
barn owl
91%
puffin
89%
robin
89%
magpie
86%
blue tit
85%
kingfisher
83%
swallow
83%
blackbird
78%
pied wagtail
68%
tawny owl
67%
woodpigeon
67%
wren
67%
golden eagle
66%
goldfinch
65%
peregrine
60%
grey heron
59%
osprey
59%
oystercatcher
59%
song thrush
55%
common tern
52%
curlew
52%
lapwing
52%
gannet
50%
eider
44%
crested tit
41%
capercaillie
40%
ptarmigan
39%
razorbill
37%

Score Distribution

Percentile by Number Answered

Percent of People with Each Score

Your Score History

You have not taken this quiz